000
00271nam a22001217a 4500
008
170216b xxu||||| |||| 00| 0 eng d
041
_a
eng
080
_a
61
100
_a
4
101
_a
shm
245
_a
ATTORNEYS MEDICAL DESKBOOK 3D
_c
TENNENHOUSE, D.J
942
_2
udc
_c
BK
999
_c
5610
_d
5610